| Tag |
First Indicator |
Second Indicator |
Subfields |
| LEADER |
00000cam a22000005u 4500 |
| 001 |
in00002787057 |
| 005 |
20190331170711.0 |
| 006 |
m o d |
| 007 |
cr nn 008mam|a |
| 008 |
070822t2007 gw fo || 0 0 ||||| |
| 020 |
|
|
|a 9780784409381
|
| 035 |
|
|
|a (American Society of Civil Eng)10.1061/9780784409381
|
| 040 |
|
|
|d UtOrBLW
|
| 245 |
0 |
0 |
|a Aviation :
|b A World of Growth /
|c Edited by Amiy Varma.
|
| 264 |
|
1 |
|a Reston, VA :
|b American Society of Civil Engineers,
|c 2007.
|
| 300 |
|
|
|a 1 online resource.
|
| 336 |
|
|
|a text
|b txt
|2 rdacontent
|
| 337 |
|
|
|a computer
|b c
|2 rdamedia
|
| 338 |
|
|
|a online resource
|b cr
|2 rdacarrier
|
| 500 |
|
|
|a Electronic resource.
|
| 653 |
|
|
|a Proceedings
|a Transportation and Development Institute (TDI)
|a Airports and airfields
|a Aerospace engineering
|a Available in Print
|
| 655 |
|
7 |
|a Electronic books.
|2 local
|
| 700 |
1 |
|
|a Varma, Amiy.
|
| 730 |
0 |
|
|a ASCE Library.
|
| 856 |
4 |
0 |
|u http://proxy.library.tamu.edu/login?url=http://ascelibrary.org/action/showBook?doi=10.1061%2F9780784409381
|z Connect to the full text of this electronic book
|t 0
|
| 999 |
|
|
|a MARS
|
| 999 |
f |
f |
|s b68b77c3-bad3-3b68-aef5-c408207cd504
|i d8c85c8c-0259-3280-86a9-72712c78b277
|t 0
|
| 952 |
f |
f |
|a Texas A&M University
|b College Station
|c Electronic Resources
|d Available Online
|t 0
|h No information provided
|
| 998 |
f |
f |
|t 0
|l Available Online
|